|
|
|
|
| LEADER |
00000nla2a2200000 4500 |
| 001 |
238089 |
| 005 |
20231031205038.0 |
| 035 |
|
|
|a (RuTPU)RU\TPU\book\259271
|
| 035 |
|
|
|a RU\TPU\book\259266
|
| 090 |
|
|
|a 238089
|
| 100 |
|
|
|a 20130521d2012 k y0rusy50 ca
|
| 101 |
0 |
|
|a rus
|g eng
|g rus
|
| 102 |
|
|
|a RU
|
| 105 |
|
|
|a y z 101zy
|
| 135 |
|
|
|a drcn ---uucaa
|
| 181 |
|
0 |
|a i
|
| 182 |
|
0 |
|a b
|
| 200 |
1 |
|
|a Результаты экспериментального определения вязкоупругих свойств и диссипации энергии в композиционных пластмассах
|b Электронный ресурс
|f А. И. Зиганшин, А. Н. Муленков
|g науч. рук. А. А. Кондратюк
|d Experimental determination results of viscoelastic properties and energy dissipation in composite plastics
|
| 203 |
|
|
|a Текст
|c электронный
|
| 215 |
|
|
|a 1 файл(478 Кб)
|
| 225 |
1 |
|
|a Химия
|
| 230 |
|
|
|a Электронные текстовые данные (1 файл: 478 Кб)
|
| 300 |
|
|
|a Заглавие с экрана
|
| 320 |
|
|
|a [Библиогр.: с. 375 (3 назв.)]
|
| 330 |
|
|
|a This article deals with the changes of the polymer composites viscoelastic properties and energy dissipation arising in the process of loading depending on the filler amount. The numerical values of these quantities are experimentally determined.
|
| 337 |
|
|
|a Adobe Reader
|
| 463 |
|
1 |
|0 (RuTPU)RU\TPU\book\256864
|t Перспективы развития фундаментальных наук
|l Prospects of fundamental sciences development
|o сборник научных трудов IX Международной конференция студентов и молодых ученых, г. Томск, 24-27 апреля 2012 г.
|f Национальный исследовательский Томский политехнический университет (ТПУ) ; ред. коллегия Е. А. Вайтулевич ; Г. А. Лямина ; Г. А. Воронова ; М. П. Никитич ; А. М. Лидер ; Ю. Р. Цой ; М. Е. Семенов
|v [С. 373-375]
|d 2012
|
| 510 |
1 |
|
|a Experimental determination results of viscoelastic properties and energy dissipation in composite plastics
|z eng
|
| 610 |
1 |
|
|a электронный ресурс
|
| 610 |
1 |
|
|a труды учёных ТПУ
|
| 610 |
1 |
|
|a экспериментальное исследование
|
| 610 |
1 |
|
|a вязкоупругие свойства
|
| 610 |
1 |
|
|a диссипация
|
| 610 |
1 |
|
|a энергия
|
| 610 |
1 |
|
|a композиционные полимерные материалы
|
| 700 |
|
1 |
|a Зиганшин
|b А. И.
|
| 701 |
|
1 |
|a Муленков
|b А. Н.
|
| 702 |
|
1 |
|a Кондратюк
|b А. А.
|c российский специалист в области материаловедения
|c доцент Томского политехнического университета, кандидат технических наук
|f 1953-
|g Алексей Алексеевич
|2 stltpush
|4 727
|
| 801 |
|
1 |
|a RU
|b 63413507
|c 20101016
|
| 801 |
|
2 |
|a RU
|b 63413507
|c 20131017
|g RCR
|
| 856 |
4 |
|
|u http://www.lib.tpu.ru/fulltext/c/2012/C21/123.pdf
|
| 942 |
|
|
|c CF
|